<?xml version="1.0" encoding="UTF-8"?>
<record
    xmlns:xsi="http://www.w3.org/2001/XMLSchema-instance"
    xsi:schemaLocation="http://www.loc.gov/MARC21/slim http://www.loc.gov/standards/marcxml/schema/MARC21slim.xsd"
    xmlns="http://www.loc.gov/MARC21/slim">

  <leader>02138nam a2200301uu 4500</leader>
  <controlfield tag="001">1079552</controlfield>
  <controlfield tag="005">20260507083724.0</controlfield>
  <controlfield tag="007">co|||||||</controlfield>
  <controlfield tag="008">080508s2007                        spa  </controlfield>
  <datafield tag="035" ind1=" " ind2=" ">
    <subfield code="a">1079552</subfield>
  </datafield>
  <datafield tag="040" ind1=" " ind2=" ">
    <subfield code="c">comduadb</subfield>
  </datafield>
  <datafield tag="041" ind1=" " ind2=" ">
    <subfield code="a">spa</subfield>
  </datafield>
  <datafield tag="080" ind1=" " ind2=" ">
    <subfield code="a">WY</subfield>
  </datafield>
  <datafield tag="100" ind1="1" ind2="0">
    <subfield code="a">Mej&#xED;a Lopera, Mar&#xED;a Eugenia</subfield>
    <subfield code="4">aut</subfield>
    <subfield code="e">aut</subfield>
    <subfield code="9">548165</subfield>
  </datafield>
  <datafield tag="245" ind1="1" ind2="0">
    <subfield code="a">Significado del cuidado de enfermeria y contexto en el cual tiene lugar : pacientes en estado de cronicidad</subfield>
  </datafield>
  <datafield tag="260" ind1=" " ind2=" ">
    <subfield code="a">Medell&#xED;n :</subfield>
    <subfield code="b">[sin publicador],</subfield>
    <subfield code="c">2007.</subfield>
  </datafield>
  <datafield tag="300" ind1=" " ind2=" ">
    <subfield code="a">1 CD-ROM</subfield>
  </datafield>
  <datafield tag="520" ind1="3" ind2=" ">
    <subfield code="a">Investigaci&#xF3;n cualitativa con enfoque fenomenol&#xF3;gico que busca comprender el significado del cuidado de enfermer&#xED;a en pacientes cr&#xF3;nicos. M&#xE9;todos: Se realizaron 10 entrevistas semiestructuradas con pacientes que hab&#xED;an sido hospitalizados repetidamente en servicios de medicina interna debido a sus padecimientos y mirar la percepci&#xF3;n que ellos ten&#xED;an del cuidado de enfermer&#xED;a que recibieron. El an&#xE1;lisis de los datos se realiz&#xF3; con el m&#xE9;todo de Colaizzi. Resultados: Emergieron dos (2) categor&#xED;as principales, que dieron sentido al fen&#xF3;meno de estudio: El cuidado de enfermer&#xED;a devuelve la vida y la salud perdidas, porque las personas que lo brindan hacen que el paciente se sienta confortado; y, estar presente, &#xBF;asistir o cuidar?, sustentado en las percepciones sobre el hospital y la asistencia que brindan los profesionales de la medicina. Estas categor&#xED;as permitieron hacer reflexiones referentes a las relaciones interpersonales en la diada enfermera - paciente hospitalizado; las percepciones que tienen los pacientes del hospital, de los m&#xE9;dicos y del servicio de urgencias y finalmente, sobre la forma como se aplica la teor&#xED;a de enfermer&#xED;a en la pr&#xE1;ctica cl&#xED;nica.</subfield>
  </datafield>
  <datafield tag="650" ind1=" " ind2="7">
    <subfield code="a">Atenci&#xF3;n de enfermer&#xED;a</subfield>
    <subfield code="2">dcs</subfield>
    <subfield code="9">13254</subfield>
  </datafield>
  <datafield tag="650" ind1=" " ind2="0">
    <subfield code="a">Relaciones enfermero-paciente</subfield>
    <subfield code="9">102740</subfield>
  </datafield>
  <datafield tag="650" ind1=" " ind2=" ">
    <subfield code="a">Satisfacci&#xF3;n del paciente</subfield>
    <subfield code="9">175055</subfield>
  </datafield>
  <datafield tag="650" ind1=" " ind2=" ">
    <subfield code="a">Enfermos cr&#xF3;nicos</subfield>
    <subfield code="9">64893</subfield>
  </datafield>
  <datafield tag="650" ind1=" " ind2="7">
    <subfield code="a">Investigaci&#xF3;n cualitativa</subfield>
    <subfield code="2">dcs</subfield>
    <subfield code="9">39166</subfield>
  </datafield>
  <datafield tag="700" ind1="1" ind2="0">
    <subfield code="a">Arias Valencia, Mar&#xED;a Mercedes</subfield>
    <subfield code="4">ths</subfield>
    <subfield code="e">ths</subfield>
    <subfield code="9">325902</subfield>
  </datafield>
  <datafield tag="942" ind1=" " ind2=" ">
    <subfield code="c">TESIS</subfield>
  </datafield>
  <datafield tag="999" ind1=" " ind2=" ">
    <subfield code="c">461401</subfield>
    <subfield code="d">461401</subfield>
  </datafield>
  <datafield tag="502" ind1=" " ind2=" ">
    <subfield code="b">162</subfield>
    <subfield code="c">16</subfield>
  </datafield>
  <datafield tag="526" ind1=" " ind2=" ">
    <subfield code="a">164</subfield>
  </datafield>
  <datafield tag="952" ind1=" " ind2=" ">
    <subfield code="0">0</subfield>
    <subfield code="1">0</subfield>
    <subfield code="4">0</subfield>
    <subfield code="7">0</subfield>
    <subfield code="8">AUDIOVISUA</subfield>
    <subfield code="a">BE</subfield>
    <subfield code="b">BE</subfield>
    <subfield code="d">2008-05-08</subfield>
    <subfield code="e">Material adquirido por donaci&#xF3;n</subfield>
    <subfield code="i">C1001307</subfield>
    <subfield code="l">0</subfield>
    <subfield code="o">WY100 M4-07 CD-ROM</subfield>
    <subfield code="p">61000001145883</subfield>
    <subfield code="r">2023-04-27 00:00:00</subfield>
    <subfield code="t">1</subfield>
    <subfield code="w">2023-04-27</subfield>
    <subfield code="y">DIGITAL</subfield>
  </datafield>
</record>
